00641nam a2200193 a 450000100100000000500170001000800410002704000250006808200170009310000890011024500440019926000720024330000280031549000240034365000150036765000260038265000150040883000240042300002460920200930023251.0110201s1976 cau r 000 0 spa d aDO-SdBNPbspacBNPHU a149.3bL673s1 aLewis, Ralph M.cImperator de la Orden Rosacruz para la Jurisdicción Internacional10aEl santuario del ser /cRalph M. Lewis. aCalifornia, (Estados Unidos) :bGran Logia Suprema de Amorc,c1976. a252 p. :bil. ;c20 cm.1 aBiblioteca Rosacruz 4aMisticismo 4aFilosofía mística 4aRosacruses 0aBiblioteca Rosacruz